[Event "Super Size French"]
[Site "SchemingMind.com"]
[Date "2005.10.06"]
[Round "-"]
[White "lucyjugs"]
[Black "Gordon"]
[Result "0-1"]
[WhiteCountry "GBR"]
[BlackCountry "ENG"]
[WhiteElo "1455"]
[WhiteRD "62"]
[BlackElo "2193"]
[BlackRD "62"]
[GameID "26713"]

1. e4 e6 2. d4 d5 3. e5 c5 4. c3 Nc6 5. Nf3 Qb6 6. Be2 cxd4 7. cxd4 Nh6 8. Nc3 Nf5 9. Na4 Qa5+ 10. Nc3 Bb4
11. Be3 Bxc3+ 12. bxc3 Qxc3+
0-1

[Event "Super Size French"]
[Site "SchemingMind.com"]
[Date "2005.10.05"]
[Round "-"]
[White "pardesi"]
[Black "Gordon"]
[Result "0-1"]
[WhiteCountry "USA"]
[BlackCountry "ENG"]
[WhiteElo "1425"]
[WhiteRD "83"]
[BlackElo "2243"]
[BlackRD "65"]
[GameID "26714"]

1. e4 e6 2. b3 d5 3. exd5 exd5 4. c4 Nc6 5. Bb2 Nb4 6. h3 Qe7+ 7. Be2 Nd3+ 8. Kf1 Nxb2 9. Qc2 Qe5 10. Qc3 Qxc3
11. dxc3 Bf5 12. cxd5 Nd3 13. c4 Bd6 14. Nf3 Ne5 15. Nbd2 Nf6 16. Nxe5 Bxe5
0-1

[Event "Super Size French"]
[Site "SchemingMind.com"]
[Date "2005.10.05"]
[Round "-"]
[White "suruat"]
[Black "Raimondi"]
[Result "1-0"]
[WhiteCountry "INT"]
[BlackCountry "PER"]
[WhiteElo "1807"]
[WhiteRD "89"]
[BlackElo "1697"]
[BlackRD "66"]
[GameID "26715"]

1. e4 e6 2. b3 c5 3. Nf3 d6 4. g3 Nc6 5. Bg2 Nf6 6. d3 Be7 7. O-O b5 8. h3 a5 9. Bd2 a4 10. Nc3 Qb6
11. e5 dxe5 12. bxa4 bxa4 13. Nxe5 Bb7 14. Rb1 Qc7 15. Rxb7 Qxe5 16. Bxc6+ Kd8 17. Qb1 Bd6 18. Bf4 Qxc3 19. Bxd6
1-0

[Event "Super Size French"]
[Site "SchemingMind.com"]
[Date "2005.10.05"]
[Round "-"]
[White "suruat"]
[Black "mikhailtal"]
[Result "1-0"]
[WhiteCountry "INT"]
[BlackCountry "ENG"]
[WhiteElo "1791"]
[WhiteRD "81"]
[BlackElo "1807"]
[BlackRD "70"]
[GameID "26716"]

1. e4 e6 2. g3 c5 3. Bg2 Nc6 4. c4 Nge7 5. Nc3 b6 6. Nge2 Bb7 7. O-O g6 8. d4 cxd4 9. Nxd4 Bg7 10. Ndb5 Nc8
11. Bf4 O-O 12. Qd2 a6 13. Bc7 Qe8 14. Nd6 Nxd6 15. Bxd6 Ne7 16. Na4 b5 17. Nb6 Rd8 18. cxb5 axb5 19. Qb4 Bf6 20. e5 Bxg2
21. exf6 Nc6 22. Qd2 Kh8 23. Kxg2 Rg8 24. Rfe1 Ra8 25. Nxa8 Qxa8 26. f3
1-0

[Event "Super Size French"]
[Site "SchemingMind.com"]
[Date "2005.10.05"]
[Round "-"]
[White "suruat"]
[Black "Gordon"]
[Result "0-1"]
[WhiteCountry "INT"]
[BlackCountry "ENG"]
[WhiteElo "1791"]
[WhiteRD "81"]
[BlackElo "2243"]
[BlackRD "65"]
[GameID "26717"]

1. e4 e6 2. f4 d5 3. Nc3 c5 4. Nf3 Nc6 5. Bb5 Ne7 6. O-O d4 7. Ne2 a6 8. Bxc6+ Nxc6 9. d3 Be7 10. c3 O-O
11. cxd4 cxd4 12. b3 Bc5 13. Bb2 a5 14. Rc1 b6 15. a3 Ba6 16. Rf2 f6 17. Ng3 e5 18. fxe5 fxe5 19. Nf5 g6 20. Nh6+ Kg7
21. Ng4 Qe7 22. Qd2 Kh8 23. Qg5 Qxg5 24. Nxg5 Rxf2 25. Nxf2 Bc8 26. h3 h5 27. g3 Bd7 28. Kf1 Kg7 29. Ke2 Bd6 30. Nf3 Rc8
31. a4 Bb4 32. g4 Kf6 33. g5+ Ke7 34. Nh4 Kd6 35. Rg1 Ne7 36. Rb1 Rc2+ 37. Kf3 Be6 38. Ba1 Bd2 39. Bb2 Bxg5 40. Ba3+ Kd7
41. Ng2 Rc3
0-1

[Event "Super Size French"]
[Site "SchemingMind.com"]
[Date "2005.10.05"]
[Round "-"]
[White "suruat"]
[Black "capablanca"]
[Result "1-0"]
[WhiteCountry "INT"]
[BlackCountry "GER"]
[WhiteElo "1791"]
[WhiteRD "81"]
[BlackElo "1616"]
[BlackRD "61"]
[GameID "26718"]

1. e4 e6 2. d4 d5 3. Nc3 Bb4 4. e5 c5 5. a3 cxd4 6. Qxd4 Ba5 7. Qg4 g6 8. Bd2 Nd7 9. Nf3 Ne7 10. O-O-O Nf5
11. Bd3 Bxc3 12. Bxc3 h5 13. Qa4 O-O 14. Bxf5 gxf5 15. Qf4 f6 16. exf6 Nxf6 17. Qh6 Qe7 18. Bb4
1-0

[Event "Super Size French"]
[Site "SchemingMind.com"]
[Date "2005.10.05"]
[Round "-"]
[White "suruat"]
[Black "bernadjm"]
[Result "0-1"]
[WhiteCountry "INT"]
[BlackCountry "ESP"]
[WhiteElo "1734"]
[WhiteRD "81"]
[BlackElo "2196"]
[BlackRD "102"]
[GameID "26719"]

1. e4 e6 2. Ne2 d5 3. e5 c5 4. d4 Nc6 5. c3 Qb6 6. g3 Nh6 7. Bh3 cxd4 8. cxd4 Nf5 9. Bxf5 exf5 10. Nbc3 Be6
11. O-O Be7 12. Na4 Qb5 13. Re1 Rc8 14. Be3 O-O 15. Rc1 Na5 16. Nac3 Qd7 17. Nf4= Rfd8 18. Nd3 Rc6 19. b4 Nc4 20. Nc5 Bxc5
21. bxc5 b6 22. Na4 Rdc8 23. Re2 f4 24. Bxf4 Bg4
0-1

[Event "Super Size French"]
[Site "SchemingMind.com"]
[Date "2005.10.05"]
[Round "-"]
[White "suruat"]
[Black "lucyjugs"]
[Result "1/2-1/2"]
[WhiteCountry "INT"]
[BlackCountry "GBR"]
[WhiteElo "1807"]
[WhiteRD "89"]
[BlackElo "1455"]
[BlackRD "62"]
[GameID "26720"]

1. e4 e6 2. c4 d5 3. cxd5 exd5 4. exd5 Qxd5 5. Nc3 Qd8 6. d4 Nf6 7. Bc4 Bd6 8. Nf3 Bg4 9. Qb3 Qe7+ 10. Be3 Bxf3
11. gxf3=
1/2-1/2

[Event "Super Size French"]
[Site "SchemingMind.com"]
[Date "2005.10.05"]
[Round "-"]
[White "suruat"]
[Black "pardesi"]
[Result "1-0"]
[WhiteCountry "INT"]
[BlackCountry "USA"]
[WhiteElo "1829"]
[WhiteRD "90"]
[BlackElo "1440"]
[BlackRD "80"]
[GameID "26721"]

1. e4 e6 2. d4 b6 3. Nf3 Bb7 4. Bd3 Nc6 5. c3 d6 6. O-O f6 7. d5 exd5 8. exd5 Ne5 9. Nxe5 fxe5 10. Qh5+ g6
11. Bxg6+
1-0

[Event "Super Size French"]
[Site "SchemingMind.com"]
[Date "2005.10.05"]
[Round "-"]
[White "Raimondi"]
[Black "suruat"]
[Result "0-1"]
[WhiteCountry "PER"]
[BlackCountry "INT"]
[WhiteElo "1697"]
[WhiteRD "66"]
[BlackElo "1807"]
[BlackRD "89"]
[GameID "26722"]

1. e4 e6 2. d4 d5 3. Nc3 Nf6 4. Bg5 Bb4 5. e5 h6 6. Bd2 Nfd7 7. Qg4 g6 8. Bd3 Qe7 9. Nge2 c5 10. Ng3 cxd4
11. Qxd4 Nc6 12. Qg4 Ndxe5 13. Qe2 d4 14. Nd1 Nxd3+ 15. Qxd3 Bxd2+ 16. Qxd2 e5 17. O-O f5 18. c3 Be6 19. cxd4 Rd8 20. Ne3 Nxd4
21. Qc3 f4 22. Ne4 Ne2+
0-1

[Event "Super Size French"]
[Site "SchemingMind.com"]
[Date "2005.10.06"]
[Round "-"]
[White "mikhailtal"]
[Black "suruat"]
[Result "0-1"]
[WhiteCountry "ENG"]
[BlackCountry "INT"]
[WhiteElo "1807"]
[WhiteRD "70"]
[BlackElo "1791"]
[BlackRD "81"]
[GameID "26723"]

1. e4 e6 2. d4 d5 3. Nc3 c5 4. Nf3 Nf6 5. exd5 exd5 6. Bg5 Be6 7. Bb5+ Nc6 8. Bxf6 gxf6 9. O-O a6 10. Bxc6+ bxc6
11. Re1 Rb8 12. b3 Bd6 13. Re2 O-O 14. Qd3 c4 15. bxc4 dxc4 16. Qe4 f5 17. Qxc6 Rb6 18. Qa4 Bb4 19. Rxe6 fxe6 20. Ne2 Qd5
21. c3 Bd6 22. Ng3 Rb2 23. Nh5 f4 24. Qd7 Rb7 25. Nf6+ Rxf6
0-1

[Event "Super Size French"]
[Site "SchemingMind.com"]
[Date "2005.10.05"]
[Round "-"]
[White "Gordon"]
[Black "suruat"]
[Result "1-0"]
[WhiteCountry "ENG"]
[BlackCountry "INT"]
[WhiteElo "2243"]
[WhiteRD "65"]
[BlackElo "1791"]
[BlackRD "81"]
[GameID "26724"]

1. e4 e6 2. d4 d5 3. Nc3 Nf6 4. Bg5 Bb4 5. e5 h6 6. Bd2 Bxc3 7. bxc3 Ne4 8. Qg4 g5 9. Bd3 Nxd2 10. Kxd2 h5
11. Qg3 c5 12. f4 Rg8 13. Nf3 g4 14. Ng5 cxd4 15. cxd4 Nd7 16. Rhb1 Nf8= 17. Rb3 b6 18. Rab1 Bd7 19. c3 Rc8 20. R1b2 Bc6
21. Ke1 Rc7 22. Kf1 Qc8 23. Kg1 Ba4 24. Ra3 Bc6 25. Rb4 Qd8 26. Rab3 Qe7 27. a4 Rg7= 28. a5 bxa5 29. Rb8+ Kd7 30. c4 dxc4
31. Bxc4 a4 32. Ne4 Bxe4 33. Bb5+
1-0

[Event "Super Size French"]
[Site "SchemingMind.com"]
[Date "2005.10.05"]
[Round "-"]
[White "bernadjm"]
[Black "suruat"]
[Result "1-0"]
[WhiteCountry "ESP"]
[BlackCountry "INT"]
[WhiteElo "2131"]
[WhiteRD "110"]
[BlackElo "1791"]
[BlackRD "81"]
[GameID "26726"]

1. e4 e6 2. d4 b6 3. Nf3 Bb7 4. Bd3 Nf6 5. Qe2 Be7 6. O-O d5 7. e5 Nfd7 8. c3 c5 9. Nbd2 Nc6 10. Re1 Qc7
11. Nf1 Rc8 12. Be3 O-O 13. Ng3 cxd4 14. cxd4 f6 15. exf6 Bxf6 16. Bf4 e5 17. dxe5 g6 18. Rac1 Bg7 19. Nh5 gxh5 20. Bxh7+ Kxh7
21. Qd3+ Kg8 22. Ng5 Rxf4 23. Qh7+
1-0

[Event "Super Size French"]
[Site "SchemingMind.com"]
[Date "2005.10.06"]
[Round "-"]
[White "lucyjugs"]
[Black "suruat"]
[Result "0-1"]
[WhiteCountry "GBR"]
[BlackCountry "INT"]
[WhiteElo "1455"]
[WhiteRD "62"]
[BlackElo "1807"]
[BlackRD "89"]
[GameID "26727"]

1. e4 e6 2. d4 d5 3. e5 c5 4. c3 Qb6 5. Nf3 Nc6 6. Bd3 cxd4 7. cxd4 Bd7 8. O-O Nxd4 9. Nxd4 Qxd4 10. a3 Qxe5
11. Re1 Qf6 12. Nc3 Bc5 13. Nxd5 Qxf2+ 14. Kh1 Bd6 15. Be3 Qh4 16. Bg1 Bc6 17. h3 Bxd5 18. Bb5+ Kf8 19. Rc1 Qxh3+
0-1

[Event "Super Size French"]
[Site "SchemingMind.com"]
[Date "2005.10.05"]
[Round "-"]
[White "pardesi"]
[Black "suruat"]
[Result "0-1"]
[WhiteCountry "USA"]
[BlackCountry "INT"]
[WhiteElo "1440"]
[WhiteRD "80"]
[BlackElo "1829"]
[BlackRD "90"]
[GameID "26728"]

1. e4 e6 2. b3 c5 3. Bb2 d5 4. Nc3 d4 5. Na4 Bd7 6. d3 b5 7. Nxc5 Bxc5 8. Nf3 Bb4+ 9. Nd2 Nc6 10. Be2 Qg5
0-1

[Event "Super Size French"]
[Site "SchemingMind.com"]
[Date "2005.10.05"]
[Round "-"]
[White "pcmvr"]
[Black "Raimondi"]
[Result "1-0"]
[WhiteCountry "NED"]
[BlackCountry "PER"]
[WhiteElo "2053"]
[WhiteRD "84"]
[BlackElo "1697"]
[BlackRD "66"]
[GameID "26756"]

1. e4 e6 2. d4 d5 3. Nc3 Bb4 4. e5 c5 5. a3 Bxc3+ 6. bxc3 Nc6 7. Nf3 Nge7 8. a4 O-O 9. Bd3 f6 10. O-O cxd4
11. exf6 Rxf6 12. cxd4 h6 13. Ne5 Nxd4 14. Ng4 Rf8 15. Nxh6+ Kh8 16. Qh5 gxh6 17. Qxh6+
1-0

[Event "Super Size French"]
[Site "SchemingMind.com"]
[Date "2005.10.05"]
[Round "-"]
[White "pcmvr"]
[Black "suruat"]
[Result "1-0"]
[WhiteCountry "NED"]
[BlackCountry "INT"]
[WhiteElo "2141"]
[WhiteRD "78"]
[BlackElo "1791"]
[BlackRD "81"]
[GameID "26757"]

1. e4 e6 2. d4 d5 3. Nc3 Nf6 4. Bg5 Be7 5. e5 Nfd7 6. Bxe7 Qxe7 7. f4 a6 8. Nf3 O-O 9. Qd2 b5 10. Be2 Bb7
11. O-O c5 12. dxc5 Nc6 13. a3 Qxc5+ 14. Kh1 Rac8 15. Bd3 Qe7 16. Rae1 b4 17. axb4 Qxb4 18. Bxh7+ Kxh7 19. Ng5+ Kg8 20. Qd3 Rfe8
21. Qh7+ Kf8 22. f5 Ncxe5 23. fxe6 Rxe6 24. Nxe6+
1-0

[Event "Super Size French"]
[Site "SchemingMind.com"]
[Date "2005.10.05"]
[Round "-"]
[White "pcmvr"]
[Black "mikhailtal"]
[Result "1-0"]
[WhiteCountry "NED"]
[BlackCountry "ENG"]
[WhiteElo "2141"]
[WhiteRD "78"]
[BlackElo "1807"]
[BlackRD "70"]
[GameID "26758"]

1. e4 e6 2. d4 d5 3. Nc3 Nf6 4. Bg5 dxe4 5. Nxe4 Be7 6. Bxf6 Bxf6 7. Nf3 Nd7 8. Qd2 a6 9. Nxf6+ Nxf6 10. Bd3 b6
11. O-O Bb7 12. Qe3 O-O 13. Ne5 Qd5 14. f3 Rad8 15. c3 b5 16. a4 c6 17. Be4 Nxe4 18. fxe4 Qd6 19. Nd3 Rfe8 20. Nc5 Re7
21. e5 Qd5 22. Rf3 Rf8 23. Ne4 Qb3 24. Nf6+ Kh8 25. Rc1 Rg8 26. Nxh7 f5 27. Rh3 g5 28. Nf6+ Kg7 29. Qxg5+
1-0

[Event "Super Size French"]
[Site "SchemingMind.com"]
[Date "2005.10.05"]
[Round "-"]
[White "pcmvr"]
[Black "Gordon"]
[Result "1-0"]
[WhiteCountry "NED"]
[BlackCountry "ENG"]
[WhiteElo "2155"]
[WhiteRD "77"]
[BlackElo "2199"]
[BlackRD "66"]
[GameID "26759"]

1. e4 e6 2. d4 d5 3. Nc3 Bb4 4. e5 c5 5. a3 Bxc3+ 6. bxc3 Ne7 7. Qg4 O-O 8. Bd3 Ng6 9. h4 f5 10. Qg3 c4
11. Be2 Qa5 12. h5 f4 13. Qf3 Nxe5 14. dxe5 Nc6 15. Bd2 Nxe5 16. Qh3 Nc6 17. Bg4 e5 18. Bxc8 Raxc8 19. Nf3 Rce8 20. O-O e4
21. Ng5 Rf6 22. Qd7 Re7 23. Qc8+ Rf8 24. Qg4 Ne5 25. Qh4 Qc7 26. Rad1 f3 27. g3 h6 28. Nh3 Rd7 29. Nf4 Rd6 30. Be3 Rfd8
31. Bd4 Re8 32. Bxa7 b6 33. Nxd5 Qxa7 34. Ne7+ Rxe7 35. Rxd6 Nf7 36. Rd4 Qb7 37. Qg4 Qa8 38. Rxc4 Nd6 39. Rb4 b5 40. Rd4 Nf7
41. Re1 Ng5 42. Red1 Re8 43. Qd7
1-0

[Event "Super Size French"]
[Site "SchemingMind.com"]
[Date "2005.10.05"]
[Round "-"]
[White "pcmvr"]
[Black "capablanca"]
[Result "1-0"]
[WhiteCountry "NED"]
[BlackCountry "GER"]
[WhiteElo "2141"]
[WhiteRD "78"]
[BlackElo "1616"]
[BlackRD "61"]
[GameID "26760"]

1. e4 e6 2. d4 d5 3. Nc3 Bb4 4. e5 c5 5. a3 Bxc3+ 6. bxc3 c4 7. Qg4 g6 8. h4 h5 9. Qf4 Qa5 10. Ra2 Ne7
11. Be2 Nbc6 12. Nf3 Nf5 13. Bd2 b5 14. O-O Qc7 15. Rb1 a6 16. a4 Bb7 17. axb5 axb5 18. Rxa8+ Bxa8 19. Rxb5 O-O 20. Bf1 Rb8
21. Rxb8+ Qxb8 22. Ng5 Qb1 23. f3 Qxc2 24. g4 f6 25. exf6 hxg4 26. Qc7
1-0

[Event "Super Size French"]
[Site "SchemingMind.com"]
[Date "2005.10.05"]
[Round "-"]
[White "pcmvr"]
[Black "bernadjm"]
[Result "0-1"]
[WhiteCountry "NED"]
[BlackCountry "ESP"]
[WhiteElo "2134"]
[WhiteRD "79"]
[BlackElo "2243"]
[BlackRD "99"]
[GameID "26761"]

1. e4 e6 2. d4 d5 3. Nc3 dxe4 4. Nxe4 Nd7 5. Nf3 Ngf6 6. Bg5 Be7 7. Bxf6 Nxf6 8. Bd3 Nxe4 9. Bxe4 c5 10. O-O cxd4
11. Nxd4 O-O 12. Re1 Qb6 13. a4 Bf6 14. c3 Rd8 15. Qc2 g6 16. a5 Qc7 17. Nf3 Rb8 18. Qe2 b5 19. Rec1 Bb7 20. Bxb7 Qxb7
21. Qe3 b4 22. a6 Qb6 23. Qf4 Kg7 24. g4 Rd5 25. h4 h6 26. g5 hxg5 27. hxg5 Bd8 28. Kg2 bxc3 29. Rh1 Rf5 30. Qh4 Kf8
31. Qh8+ Ke7 32. Qxc3 Qxb2 33. Qe3 Bb6 34. Qe1 Rc8 35. Rb1 Qc3 36. Qe4 Qc4 37. Qxc4 Rxc4 38. Rxb6 axb6 39. Ra1 Ra5 40. Rxa5 bxa5
41. a7 Rc8 42. Ne5 Ra8 43. Nc6+ Kd6 44. Nxa5 Rxa7 45. Nc4+ Kd5 46. Nd2 Ke5
0-1

[Event "Super Size French"]
[Site "SchemingMind.com"]
[Date "2005.10.05"]
[Round "-"]
[White "Raimondi"]
[Black "pcmvr"]
[Result "0-1"]
[WhiteCountry "PER"]
[BlackCountry "NED"]
[WhiteElo "1684"]
[WhiteRD "62"]
[BlackElo "2105"]
[BlackRD "78"]
[GameID "26764"]

1. e4 e6 2. d4 d5 3. Nc3 Nf6 4. Bg5 dxe4 5. Nxe4 Be7 6. Bxf6 Bxf6 7. Nf3 O-O 8. c3 Nd7 9. Qc2 e5 10. O-O-O exd4
11. Nxf6+ Qxf6 12. Nxd4 Ne5 13. Kb1 c5 14. Ka1 cxd4 15. Rxd4 Bf5 16. Qc1 Rfd8 17. Rxd8+ Rxd8 18. Be2 Bd3 19. Qe3 Nc4 20. Qf3 Qb6
21. b3 Qa5 22. Rc1 Qa3
0-1

[Event "Super Size French"]
[Site "SchemingMind.com"]
[Date "2005.10.05"]
[Round "-"]
[White "suruat"]
[Black "pcmvr"]
[Result "0-1"]
[WhiteCountry "INT"]
[BlackCountry "NED"]
[WhiteElo "1734"]
[WhiteRD "81"]
[BlackElo "2155"]
[BlackRD "77"]
[GameID "26765"]

1. e4 e6 2. d4 d5 3. Nc3 Nf6 4. e5 Nfd7 5. Qg4 c5 6. Nf3 cxd4 7. Nb5 Nc6 8. Nd6+ Bxd6 9. Qxg7 Bxe5 10. Nxe5 Qf6
11. Qxf6 Nxf6 12. Bf4 Nh5 13. Nxc6 Nxf4 14. Nxd4 Bd7 15. g3 Ng6 16. Rd1 O-O-O 17. h4 e5 18. Nb5 Bxb5 19. Bxb5 e4 20. O-O Rhg8
21. Kh1 d4 22. Rfe1 f5 23. Bf1 Kc7 24. Bg2 Ne5 25. Bh3 Rgf8 26. Kg2 a6 27. Re2 Nc4 28. b3 Na3 29. Red2 Nb5 30. c4 Nc3
31. Re1 Kc6 32. Rc1 Kc5 33. a3 Rd6 34. Rdc2 f4
0-1

[Event "Super Size French"]
[Site "SchemingMind.com"]
[Date "2005.10.06"]
[Round "-"]
[White "mikhailtal"]
[Black "pcmvr"]
[Result "0-1"]
[WhiteCountry "ENG"]
[BlackCountry "NED"]
[WhiteElo "1876"]
[WhiteRD "74"]
[BlackElo "2105"]
[BlackRD "78"]
[GameID "26766"]

1. e4 e6 2. d4 d5 3. Nc3 dxe4 4. Nxe4 Nd7 5. Nf3 Ngf6 6. Nxf6+ Nxf6 7. c3 c5 8. Ne5 Qa5 9. Nc4 Qc7 10. Qf3 cxd4
11. Bf4 Qc5 12. O-O-O dxc3 13. Qxc3 Nd5 14. Qd2 b5 15. Kb1 bxc4 16. Be5 c3 17. Bxc3 Nxc3+ 18. bxc3 Be7 19. Be2 O-O 20. Ka1 Bf6
21. Rc1 Bb7 22. f3 Bd5
0-1

[Event "Super Size French"]
[Site "SchemingMind.com"]
[Date "2005.10.05"]
[Round "-"]
[White "Gordon"]
[Black "pcmvr"]
[Result "1-0"]
[WhiteCountry "ENG"]
[BlackCountry "NED"]
[WhiteElo "2229"]
[WhiteRD "64"]
[BlackElo "2105"]
[BlackRD "78"]
[GameID "26767"]

1. e4 e6 2. d4 d5 3. Nc3 Nf6 4. Bg5 dxe4 5. Nxe4 Be7 6. Bxf6 Bxf6 7. Nf3 O-O 8. Qd2 b6 9. O-O-O Bb7 10. Bd3 Nd7
11. h4 Be7 12. Qe2 a5 13. Neg5 Nf6 14. Ne5 Bxg2 15. Rhg1 Bb7 16. Nxh7 Nxh7 17. Bxh7+ Kxh7 18. Qh5+ Kg8 19. Rxg7+ Kxg7 20. Rg1+
1-0

[Event "Super Size French"]
[Site "SchemingMind.com"]
[Date "2005.10.18"]
[Round "-"]
[White "capablanca"]
[Black "pcmvr"]
[Result "0-1"]
[WhiteCountry "GER"]
[BlackCountry "NED"]
[WhiteElo "1660"]
[WhiteRD "64"]
[BlackElo "2105"]
[BlackRD "78"]
[GameID "26768"]

1. e4 e6 2. d4 d5 3. exd5 exd5 4. Bd3 Bd6 5. Nf3 Nf6 6. Bg5 Qe7+ 7. Qe2 Qxe2+ 8. Bxe2 Ne4 9. Be3 Nc6 10. Nbd2 f5
11. Bb5 f4 12. Nxe4 dxe4 13. Ne5 Bxe5
0-1

[Event "Super Size French"]
[Site "SchemingMind.com"]
[Date "2005.10.06"]
[Round "-"]
[White "bernadjm"]
[Black "pcmvr"]
[Result "1-0"]
[WhiteCountry "ESP"]
[BlackCountry "NED"]
[WhiteElo "2243"]
[WhiteRD "99"]
[BlackElo "2134"]
[BlackRD "79"]
[GameID "26769"]

1. e4 e6 2. d4 d5 3. e5 c5 4. c3 Nc6 5. Nf3 Qb6 6. a3 c4 7. Nbd2 Na5 8. g3 Bd7 9. h4 Nh6 10. Bh3 Be7
11. Rb1 O-O 12. g4 Kh8 13. Rg1 Qd8 14. h5 Qe8 15. Nf1 Ba4 16. Qe2 Nb3 17. Bxh6 gxh6 18. Qe3 Na5 19. Qxh6 Bc2 20. Rc1 Bd3
21. g5 Rg8 22. Rd1 Qb5 23. g6 Rg7 24. gxf7 Rxg1 25. Nxg1 Qxb2 26. Qc1 Qb6 27. Ng3 Nb3 28. Qh6 Nxd4 29. cxd4 Qa5+ 30. Rd2 Qxa3
31. Rxd3 cxd3 32. Kf1 Rf8 33. Qxe6 d2 34. Bg4 Qa6+ 35. Qxa6 bxa6 36. e6 Rc8 37. Nf5 Bf8 38. Bd1 Rc1 39. Ke2 Rc6 40. e7 Re6+
41. Kxd2 Rxe7 42. Nxe7
1-0

[Event "Super Size French"]
[Site "SchemingMind.com"]
[Date "2005.10.06"]
[Round "-"]
[White "lumilinna"]
[Black "Raimondi"]
[Result "0-1"]
[WhiteCountry "FIN"]
[BlackCountry "PER"]
[WhiteElo "1719"]
[WhiteRD "65"]
[BlackElo "1697"]
[BlackRD "66"]
[GameID "26823"]

1. e4 e6 2. d4 d5 3. Nc3 Bb4 4. e5 c5 5. Bd2 Ne7 6. a3 Bxc3 7. Bxc3 Nbc6 8. Nf3 cxd4 9. Nxd4 O-O 10. f4 f6
11. exf6 gxf6 12. Qg4+ Kh8 13. Bd3 Nxd4 14. Bxd4 Qe8 15. Qh4 Ng6 16. Bxf6+ Kg8 17. Be5 Nxh4
0-1

[Event "Super Size French"]
[Site "SchemingMind.com"]
[Date "2005.10.06"]
[Round "-"]
[White "lumilinna"]
[Black "pcmvr"]
[Result "0-1"]
[WhiteCountry "FIN"]
[BlackCountry "NED"]
[WhiteElo "1746"]
[WhiteRD "68"]
[BlackElo "2141"]
[BlackRD "78"]
[GameID "26824"]

1. e4 e6 2. d4 d5 3. Nc3 Nf6 4. Bg5 dxe4 5. Nxe4 Be7 6. Bxf6 Bxf6 7. Nf3 O-O 8. Qd2 b6 9. O-O-O Bb7 10. Bd3 Nd7
11. h4 Be7 12. g4 c5 13. Neg5 Nf6 14. Rhg1 Qc7 15. Qe2 Qf4+ 16. Kb1 h6 17. Nxe6 Qxf3 18. Nxf8 Qxe2 19. Bxe2 Kxf8 20. f3 cxd4
21. g5 Nd5 22. Rd2 Bb4
0-1

[Event "Super Size French"]
[Site "SchemingMind.com"]
[Date "2005.10.06"]
[Round "-"]
[White "lumilinna"]
[Black "suruat"]
[Result "1-0"]
[WhiteCountry "FIN"]
[BlackCountry "INT"]
[WhiteElo "1784"]
[WhiteRD "69"]
[BlackElo "1734"]
[BlackRD "81"]
[GameID "26825"]

1. e4 e6 2. d4 d5 3. Nc3 Nf6 4. Bg5 Bb4 5. e5 h6 6. Bd2 Bxc3 7. bxc3 Ne4 8. Bd3 Nxd2 9. Qxd2 c5 10. Nf3 O-O
11. O-O c4 12. Be2 Nc6 13. h3 b6 14. Nh2 Bb7 15. f4 Ne7 16. g4 Qc7 17. Rf3 Bc8 18. Kf2 f6 19. Rg1 Ng6 20. g5 hxg5
21. fxg5 fxe5 22. Rxf8+ Nxf8 23. Ng4 e4 24. h4 Ng6 25. h5 Qf4+ 26. Qxf4 Nxf4 27. Rh1 Bb7 28. Bd1 Rf8 29. Kg3 a6 30. Ne5 e3=
31. Bg4 e2 32. Nd7 Rf7 33. g6 Rxd7 34. Kxf4 Rd8 35. Bxe6+ Kh8 36. Re1 Re8 37. Rxe2 b5 38. Ke5 a5 39. Kd6 b4 40. Kd7 Ra8
41. Kc7 Ba6 42. Bxd5 Rf8 43. Bf7 b3 44. cxb3 cxb3 45. c4
1-0

[Event "Super Size French"]
[Site "SchemingMind.com"]
[Date "2005.10.06"]
[Round "-"]
[White "lumilinna"]
[Black "mikhailtal"]
[Result "1/2-1/2"]
[WhiteCountry "FIN"]
[BlackCountry "ENG"]
[WhiteElo "1746"]
[WhiteRD "68"]
[BlackElo "1807"]
[BlackRD "70"]
[GameID "26826"]

1. e4 e6 2. d4 d5 3. Nc3 Bb4 4. e5 c5 5. a3 Bxc3+ 6. bxc3 Ne7 7. Qg4 Kf8 8. a4 Qc7 9. Nf3 cxd4 10. Qxd4 Nf5
11. Ba3+ Ke8 12. Qc5 Nc6 13. Nd4 Qxe5+ 14. Be2 Nfxd4 15. cxd4 Qxd4 16. O-O Qxc5 17. Bxc5 Bd7 18. c4 d4 19. Bf3 e5 20. Bd5 Be6
21. f4 Bxd5 22. cxd5 Ne7 23. d6 Nc6 24. fxe5 b6 25. Ba3 Nxe5 26. Rfe1 f6 27. Bb2 Kd7 28. Bxd4 Kxd6 29. Rad1 Ke6 30. a5 bxa5
31. Ra1 Rhd8 32. Bxe5 fxe5 33. Rxa5 Rd5 34. Ra6+ Ke7 35. Rea1 Rd7 36. R1a5 Rd6 37. Rxe5+ Kd7 38. Ra3 g6 39. Rea5 a6 40. g4 Kc6
41. Rxa6+= Rxa6 42. Rxa6+ Kd5 43. Rxd6+ Kxd6 44. Kf2 g5 45. Kf3 Kd5 46. h4 h6 47. hxg5 hxg5 48. Ke3= Ke5 49. Kf3 Kd4 50. Kf2 Ke4
51. Kg3 Ke3 52. Kg2 Kf4 53. Kf2= Kxg4 54. Kg2=
1/2-1/2

[Event "Super Size French"]
[Site "SchemingMind.com"]
[Date "2005.10.06"]
[Round "-"]
[White "lumilinna"]
[Black "Gordon"]
[Result "0-1"]
[WhiteCountry "FIN"]
[BlackCountry "ENG"]
[WhiteElo "1719"]
[WhiteRD "65"]
[BlackElo "2193"]
[BlackRD "62"]
[GameID "26827"]

1. e4 e6 2. d4 d5 3. Nc3 Bb4 4. e5 c5 5. a3 Bxc3+ 6. bxc3 Ne7 7. Nf3 Qc7 8. a4 h6 9. Bd3 b6 10. O-O Ba6
11. Bxa6 Nxa6 12. Qd3 Nb8 13. Ba3 O-O 14. Nd2 Nbc6 15. c4 Nxd4
0-1

[Event "Super Size French"]
[Site "SchemingMind.com"]
[Date "2005.10.06"]
[Round "-"]
[White "lumilinna"]
[Black "capablanca"]
[Result "1-0"]
[WhiteCountry "FIN"]
[BlackCountry "GER"]
[WhiteElo "1746"]
[WhiteRD "68"]
[BlackElo "1616"]
[BlackRD "61"]
[GameID "26828"]

1. e4 e6 2. d4 d5 3. Nc3 Bb4 4. e5 Ne7 5. a3 Bxc3+ 6. bxc3 Nd7 7. c4 dxc4 8. Bxc4 Nb6 9. Bd3 c6 10. Nf3 Ng6
11. O-O Nd5 12. c4 Nb6 13. Qc2 Nh4 14. Nxh4 Qxd4 15. Bg5 Qxe5 16. Nf3
1-0

[Event "Super Size French"]
[Site "SchemingMind.com"]
[Date "2005.10.06"]
[Round "-"]
[White "lumilinna"]
[Black "bernadjm"]
[Result "0-1"]
[WhiteCountry "FIN"]
[BlackCountry "ESP"]
[WhiteElo "1746"]
[WhiteRD "68"]
[BlackElo "2131"]
[BlackRD "110"]
[GameID "26829"]

1. e4 e6 2. d4 d5 3. Nc3 dxe4 4. Nxe4 Nd7 5. Nf3 Ngf6 6. Bd3 Nxe4 7. Bxe4 Nf6 8. Bd3 c5 9. dxc5 Bxc5 10. O-O O-O
11. Bg5 h6 12. Bh4 Qc7 13. Bxf6 gxf6 14. Qd2 Kg7 15. Rae1 f5 16. Qc3+ Kh7 17. Rd1 b6 18. Rfe1 Bb7 19. Ne5 Rg8 20. g3 Rad8
21. h3 Rxg3+
0-1

[Event "Super Size French"]
[Site "SchemingMind.com"]
[Date "2005.10.06"]
[Round "-"]
[White "Raimondi"]
[Black "lumilinna"]
[Result "1-0"]
[WhiteCountry "PER"]
[BlackCountry "FIN"]
[WhiteElo "1697"]
[WhiteRD "66"]
[BlackElo "1719"]
[BlackRD "65"]
[GameID "26832"]

1. e4 e6 2. d4 d5 3. Nc3 Bb4 4. e5 c5 5. a3 Bxc3+ 6. bxc3 Ne7 7. Ne2 Qc7 8. f4 O-O 9. Ng3 b6 10. Bd3 cxd4
11. cxd4 Qc3+ 12. Bd2 Qxd4 13. Ne2 Qc5 14. c3 Bb7 15. Nd4 Nbc6 16. Nb3
1-0